000 00322 a2200157 4500
001 63925
020 _a9788532634436
040 _cAnchieta - Pituba
100 _aMacedo, Roberto Sidnei
240 1 0 _aCurrículo
_l
245 1 0 _aCurrículo
300 _a150p.
362 0 _a2013
650 4 _aCurrículo
942 _cBK
999 _c63925
_d63925